| 000 | 00538nam a2200181 a 4500 | ||
|---|---|---|---|
| 005 | 20220817141633.0 | ||
| 008 | 991125s1973 mx 000 0 spa u | ||
| 035 | _aUPN01000037954 | ||
| 049 | _aCG | ||
| 050 | 4 |
_aHB1323 A2 _bS5.5 |
|
| 111 | 2 |
_aSimposio Nacional sobre Accidentes _n(1o : _d1972 : _cMéxico) |
|
| 245 | 1 | 0 |
_aMemoria : _bprimer simposio nacional sobre accidentes. |
| 260 |
_aMéxico : _bSSA, _c1973. |
||
| 300 | _av- | ||
| 500 | _aLa biblioteca tienes los v.1 y 2 | ||
| 650 | 7 |
_aAccidentes _vCongresos _2 _997 |
|
| 905 | _aLibro | ||
| 999 |
_c37954 _d37954 |
||